[Event "Cairo Al Ain op"]
[Site "Cairo"]
[Date "2023.11.30"]
[Round "7"]
[White "Salah, Abdelrahman"]
[Black "Shafek, Mohamed"]
[Result "1/2-1/2"]
[WhiteElo "1490"]
[BlackElo "1874"]
[PlyCount "129"]
[EventDate "2023.11.27"]
[EventType "swiss"]
[EventRounds "10"]
[EventCountry "EGY"]
[SourceTitle "CBM 217 Extra"]
[Source "ChessBase"]
[SourceDate "2024.01.31"]
[SourceVersion "1"]
[SourceVersionDate "2024.01.31"]
[SourceQuality "1"]

1. e4 e5 2. Nf3 Nc6 3. Bb5 a6 4. Ba4 Nf6 5. 0-0 Be7 6. Re1 b5 7. Bb3 0-0 8. c3 d6 9. h3 Re8 10. d4 Bf8 11. Nbd2 g6 12. Bc2 Bg7 13. Nf1 Bd7 14. Ng3 Rb8 15. Be3 b4 16. Qd2 Qc8 17. d5 bxc3 18. Qxc3 Nb4 19. Bb3 Qb7 20. Bc4 c6 21. dxc6 Nxc6 22. Ng5 Nd8 23. Qd3 Bb5 24. Bxb5 Qxb5 25. Qxd6 h6 26. Nf3 Nc6 27. a4 Qb7 28. Rac1 Re6 29. Qd3 Nb4 30. Qd2 Kh7 31. Rc4 Ne8 32. Bc5 Nc6 33. b4 Rd8 34. Qb2 Nc7 35. Rb1 Rb8 36. Qc2 Na5 37. Rc3 Nc6 38. Rcb3 Ree8 39. b5 axb5 40. axb5 Nd4 41. Nxd4 exd4 42. Bd6 Rbc8 43. Qd3 Ne6 44. e5 Nf4 45. Qf3 Qxf3 46. Rxf3 g5 47. b6 Bxe5 48. b7 Bxd6 49. bxc8Q Rxc8 50. Nf5 Be5 51. g3 Nxh3+ 52. Kg2 g4 53. Rd3 Rc2 54. Rf1 Kg6 55. Nxd4 Ra2 56. Nc6 Bc7 57. Nb4 Rb2 58. Nd5 Bb8 59. Ra3 Be5 60. Ra6+ f6 61. Ne7+ Kg5 62. Ra5 h5 63. Nc6 Re2 64. Nxe5 fxe5 65. Rb5 1/2-1/2

[Event "Cairo Al Ain op"]
[Site "Cairo"]
[Date "2023.11.29"]
[Round "5"]
[White "Elhusseiny, Eyad"]
[Black "Salah, Abdelrahman"]
[Result "1-0"]
[WhiteElo "1926"]
[BlackElo "1490"]
[PlyCount "73"]
[EventDate "2023.11.27"]
[EventType "swiss"]
[EventRounds "10"]
[EventCountry "EGY"]
[SourceTitle "CBM 217 Extra"]
[Source "ChessBase"]
[SourceDate "2024.01.31"]
[SourceVersion "1"]
[SourceVersionDate "2024.01.31"]
[SourceQuality "1"]

1. d4 d5 2. c4 c6 3. Qc2 Nf6 4. Nf3 e6 5. g3 Nbd7 6. Bg2 Be7 7. 0-0 0-0 8. Rd1 b6 9. b3 Bb7 10. Nc3 Rc8 11. Bb2 Qc7 12. e4 dxe4 13. Ng5 h6 14. Ngxe4 Nxe4 15. Nxe4 Nf6 16. a4 Nxe4 17. Qxe4 Bf6 18. a5 Ba8 19. axb6 axb6 20. Qc2 Rfd8 21. c5 bxc5 22. dxc5 Bxb2 23. Rxd8+ Rxd8 24. Qxb2 Qd7 25. b4 Bb7 26. Bf3 Qd3 27. Kg2 Rc8 28. b5 e5 29. Ra7 e4 30. Bg4 Ba8 31. Ra3 Qd8 32. Bxc8 Qxc8 33. b6 Bb7 34. Qe5 Ba6 35. Qc7 Bf1+ 36. Kxf1 Qh3+ 37. Ke1 1-0

[Event "Cairo Al Ain op"]
[Site "Cairo"]
[Date "2023.11.29"]
[Round "4"]
[White "Salah, Abdelrahman"]
[Black "Hafez, Magdy Mohamed"]
[Result "1-0"]
[WhiteElo "1490"]
[BlackElo "1755"]
[PlyCount "46"]
[EventDate "2023.11.27"]
[EventType "swiss"]
[EventRounds "10"]
[EventCountry "EGY"]
[SourceTitle "CBM 217 Extra"]
[Source "ChessBase"]
[SourceDate "2024.01.31"]
[SourceVersion "1"]
[SourceVersionDate "2024.01.31"]
[SourceQuality "1"]

1. e4 d5 2. exd5 Nf6 3. Nc3 Nxd5 4. Bc4 Nb6 5. Bb3 Nc6 6. Nf3 Bf5 7. 0-0 e6 8. h3 Be7 9. d4 0-0 10. Be3 a5 11. a3 a4 12. Ba2 Ra5 13. Ne2 Bf6 14. Ng3 Bg6 15. Qe2 h5 16. Bd2 Ra8 17. Bc3 Nd5 18. Bxd5 Qxd5 19. Ne5 Bxe5 20. dxe5 h4 21. Rfd1 Qc5 22. Ne4 Qe7 23. Qg4 Bxe4 1-0